000 00702nam a2200217 i 4500
001 92836
003 ES-MaACL
005 20230906181053.0
007 t|
008 050329s1931 sp ||||1| spa d
100 1 _aLissagaray, Hippolyte-Prosper-Olivier.
_972545
245 1 0 _aHistoria de la Commune de París /
_cHippolyte-Prosper-Olivier Lissagaray; [traducción del francés por R. Marín].
260 _aMadrid :
_bCenit,
_c1931.
300 _a551 p. ;
_c22 cm.
490 1 _aBiblioteca Carlos Marx
651 4 _aParís-
_xHistoria-
_y1871, Comuna.
_99212
700 1 _aMarín, R.
_976754
830 0 _aBiblioteca Carlos Marx
_9184274
852 _aES-MaACL
_jC-7061
999 _c92836
_d92836